Kraje-uczestnicy minimum 10 MŚ w piłce nożnej - nagła śmierć - Statystyki

Ogólne statystyki
  • Ten quiz został rozwiązany 117 razy
  • Średni wynik to 7 z 17
Answers on the Grid
Answers color-coded by a green-red scale on the quiz's grid according to % correct below.
 
Statystyki odpowiedzi
Odpowiedź % Poprawnych
Niemcy
20
70%
Brazylia
22
67%
Argentyna
19
64%
Anglia
16
63%
Hiszpania
16
61%
Francja
16
59%
Włochy
18
56%
Holandia
11
48%
Urugwaj
14
42%
Meksyk
17
33%
Stany Zjednoczone
12
23%
Rosja
11
(łącznie z ZSRR/ZSRS)
23%
Belgia
14
17%
Szwecja
12
9%
Szwajcaria
12
8%
Serbia
13
5%
Korea Południowa
11
5%
Nie znaleziono quizów pasujących do podanych kryteriów
Rozkład punktacji
Procent ludzi z każdym wynikiem
Percentyl według liczby udzielonych odpowiedzi
Twoja historia wyników
Nie rozwiązałeś tego quizu